Shakespeare Criticism A Selection, W C (Record no. 1908)

MARC details
000 -LEADER
fixed length control field 00438nam a2200145Ia 4500
008 - FIXED-LENGTH DATA ELEMENTS--GENERAL INFORMATION
fixed length control field 211109s9999||||xx |||||||||||||| ||und||
082 ## - DEWEY DECIMAL CLASSIFICATION NUMBER
Classification number 822.33
Item number SMI-S
100 ## - MAIN ENTRY--PERSONAL NAME
Personal name Smith And, D Nichol Edr,
245 #0 - TITLE STATEMENT
Title Shakespeare Criticism A Selection, W C
260 ## - PUBLICATION, DISTRIBUTION, ETC.
Name of publisher, distributor, etc. Oxford University Press
Place of publication, distribution, etc. Bombay
Date of publication, distribution, etc. 1923
300 ## - PHYSICAL DESCRIPTION
Extent 413p.
630 ## - SUBJECT ADDED ENTRY--UNIFORM TITLE
General subdivision General Stack
650 ## - SUBJECT ADDED ENTRY--TOPICAL TERM
Topical term or geographic name entry element English & Old English literatures
942 ## - ADDED ENTRY ELEMENTS (KOHA)
Koha item type BOOK
650 ## - SUBJECT ADDED ENTRY--TOPICAL TERM
Form subdivision English Drama
General subdivision Literature
Holdings
Withdrawn status Lost status Damaged status Not for loan Home library Current library Date acquired Cost, normal purchase price Total Checkouts Full call number Barcode Shelving location Date last seen Date last checked out Price effective from Koha item type
        SB LIBRARY SB LIBRARY 09/11/2021 100.00 1 822.33 SMI-S 00002070 GENERAL STACK 10/10/2023 10/10/2023 09/11/2021 BOOK

Powered by Koha